000 00479nam a2200193Ia 4500
005 20240703114002.0
008 131103s9999 xx 000 0 und d
040 _aLoreto College
041 _aEnglish
082 _a796
_bJAM
100 _aJames, J.Myrle
245 _aEducation and physical education
_cJ . Myrle James
260 _aLondon
_bG.bell
_c1967
300 _a84p
504 _aIncludes index
650 _aPhysical education
850 _aLCBED
942 _cBK
999 _c30157
_d80636